Capitals of Overseas Territories - Statistics

General Stats
  • This quiz has been taken 134 times
  • The average score is 22 of 40
Answer Stats
Country Territory Capital % Correct
Greenland Nuuk
88%
Puerto Rico San Juan
83%
Bermuda Hamilton
80%
Gibraltar Gibraltar
77%
New Caledonia Nouméa
69%
Falkland Islands Stanley
68%
Isle of Man Douglas
66%
France French Polynesia Papeete
65%
Netherlands Aruba Oranjestad
62%
Sint Eustatius Oranjestad
62%
Anguilla The Valley
62%
Pitcairn Islands Adamstown
60%
United States American Samoa Pago Pago
60%
Turks and Caicos Islands Cockburn Town
58%
Cayman Islands George Town
58%
Montserrat Plymouth
58%
Saint Pierre and Miquelon Saint Pierre
58%
Norway Svalbard Longyearbyen
57%
Denmark Faroe Islands Torshavn
57%
Curaçao Willemstad
57%
Guam Hagåtña
55%
Jersey Saint Helier
54%
British Virgin Islands Road Town
52%
Guernsey Saint Peter Port
51%
Northern Mariana Islands Saipan
51%
Niue Alofi
49%
United States Virgin Islands Charlotte Amalie
49%
Saint Helena, Ascension, and Tristan da Cunha Jamestown
49%
Australia Christmas Island Flying Fish Cove
48%
Sint Maarten Philipsburg
46%
Norfolk Island Kingston
45%
Saint Martin Marigot
42%
New Zealand Cook Islands Avarua
40%
Saint Barthélemy Gustavia
40%
Saba The Bottom
38%
Cocos (Keeling) Islands West Island
38%
Finland Åland Mariehamn
37%
Bonaire Kralendijk
35%
Wallis and Futuna Mata Utu
34%
United Kingdom Akrotiri and Dhekelia Episkopi Cantonment
29%
No matching quizzes found
Score Distribution
Percent of People with Each Score
Percentile by Number Answered
Your Score History
You have not taken this quiz